000 00839nam a2200253Ia 4500
003 OSt
005 20220923220110.0
006 a|||||r|||| 00| 0
007 ta
008 220922b |||||||| |||| 00| 0 hin d
024 _a184,263
037 _cTextual
040 _aARTS
_cARTS
_bhin
041 _2hin
_ahin
082 _aO152,1N247x, K2
100 _aमिश्र, रामदरश
_9156318
245 0 _aबरैंग बेनाम चिट्ठियां
246 _aBaraianga benām chiṭṭhiyāan
260 _aअहमदाबाद
_b आस्था प्रकाशन
_c1962
300 _a136 पृ.
_ccm.
650 _aहिन्दी साहित्य
_9156264
942 _hO152,1N247x, K2
_cTEXL
_2CC
999 _c337547
_d337547